Mortal engines / (Record no. 4572)

MARC details
000 -LEADER
fixed length control field 00927nam a22002537a 4500
001 - CONTROL NUMBER
control field 4572
003 - CONTROL NUMBER IDENTIFIER
control field FISKH
005 - DATE AND TIME OF LATEST TRANSACTION
control field 20240917101347.0
008 - FIXED-LENGTH DATA ELEMENTS--GENERAL INFORMATION
fixed length control field 240917b cb ||||| |||| 00| 0 eng d
020 ## - INTERNATIONAL STANDARD BOOK NUMBER
International Standard Book Number 9781407189147
040 ## - CATALOGING SOURCE
Original cataloging agency FISKH
Language of cataloging eng
Transcribing agency FISKH
Modifying agency FISKH
050 ## - LIBRARY OF CONGRESS CALL NUMBER
Classification number PZ7.R25576
082 ## - DEWEY DECIMAL CLASSIFICATION NUMBER
Edition number 823.92
100 ## - MAIN ENTRY--PERSONAL NAME
Personal name Reeve, Philip
Dates associated with a name 1966-
245 ## - TITLE STATEMENT
Title Mortal engines /
Statement of responsibility, etc. Philip Reeve
250 ## - EDITION STATEMENT
Edition statement This edition published in 2018
260 ## - PUBLICATION, DISTRIBUTION, ETC.
Place of publication, distribution, etc. London :
Name of publisher, distributor, etc. Scholastic,
Date of publication, distribution, etc. 2001.
300 ## - PHYSICAL DESCRIPTION
Extent 320 pages :
Dimensions 21cm
520 ## - SUMMARY, ETC.
Summary, etc. In the distant future, when cities move about and consume smaller towns, a fifteen-year-old apprentice is pushed out of London by the man he most admires and must seek answers in the perilous Out-Country, aided by one girl and the memory of another.
650 ## - SUBJECT ADDED ENTRY--TOPICAL TERM
Source of heading or term Steampunk
Topical term or geographic name entry element Fantasy
Form subdivision Fiction
650 ## - SUBJECT ADDED ENTRY--TOPICAL TERM
Source of heading or term Hungry city chronicles
Topical term or geographic name entry element Science fiction
Form subdivision Adventure
942 ## - ADDED ENTRY ELEMENTS (KOHA)
Source of classification or shelving scheme Dewey Decimal Classification
Koha item type Books
Suppress in OPAC No
Holdings
Withdrawn status Lost status Source of classification or shelving scheme Damaged status Not for loan Collection Home library Current library Shelving location Date acquired Total Checkouts Full call number Barcode Date last seen Copy number Price effective from Koha item type
    Dewey Decimal Classification     Fiction Footprints International School Library Network Toul Kork Campus Footprints International School Library Network Toul Kork Campus TTP Secondary Fiction Bookshelves 09/17/2024   REE 823.92 PZ7.R25576 2024-1980 09/17/2024 1 09/17/2024 Books